Psicología de la educación

Gespeichert in:
Bibliographische Detailangaben
Hauptverfasser: Beltrán Llera, Jesús A (VerfasserIn), Bueno Alvarez, José A (VerfasserIn)
Format: Buch
Sprache:Spanisch
Veröffentlicht: Ciudad de México Alfaomega 1997
Ausgabe:1a. ed
Schlagworte:
Tags: Tag hinzufügen
Keine Tags, Fügen Sie den ersten Tag hinzu!

MARC

LEADER 00000nam a2200000 a 4500
001 UCN1107
003 CL-VaPUC
008 010420e19970000MX |||||||||||||||||spa|d
020 |a 9701502132 
082 0 4 |a 370.15  |b BEL  |2 21 
100 0 |a Beltrán Llera, Jesús A  |e author  |9 456503 
700 0 |a Bueno Alvarez, José A  |e author  |9 456504 
245 1 0 |a Psicología de la educación 
250 |a 1a. ed 
300 |a 653 p 
942 |c BK 
945 |d 20010420 00:00:00  |a cmena 
260 |a Ciudad de México  |b Alfaomega  |c 1997 
500 |a Proyecto Fondecyt 
650 0 |a Psicología educacional   |9 307830 
650 0 |a Cognición   |9 270347 
650 0 |a Psicología del desarrollo  |9 307541 
650 0 |a Motivación   |9 315362 
650 0 |a Métodos de aprendizaje  |9 334464 
650 0 |a Métodos de enseñanza  |9 270413 
650 0 |a Aspectos sociales  |9 254894 
583 |a last modification  |c 20150714 11:32:57  |k Rodrigo Vera 
999 |c 294684  |d 294682 
952 |0 0  |1 0  |4 0  |6 370_150000000000000_BEL_1997  |7 0  |8 A  |9 347341  |a BIBEDU  |b BIBEDU  |d 2019-11-20  |i 3716163  |o 370.15 BEL 1997  |p 3716163  |r 2019-11-20  |w 2019-11-20  |y BK  |k LIT 
952 |0 0  |1 0  |4 0  |6 370_150000000000000_BEL_1997  |7 0  |8 A  |9 347342  |a BIBEDU  |b BIBEDU  |d 2019-11-20  |i 4675665  |l 1  |o 370.15 BEL 1997  |p 4675665  |r 2023-11-22  |s 2023-11-15  |w 2019-11-20  |y BK  |k EPE